000 01045nam a2200241 a 4500
001 508
003 BR-CuiBMT
005 20231127031325.0
008 231108s2018 baba 000 0 por d
020 _a9788544220238
040 _aBR-CuiBMT
_cBR-CuiBMT
080 _22007
_a34:336.2
090 _a34:336.2
_bM663m
_c5. ed.
100 1 _aMinardi, Josiane
245 1 0 _aManual de direito tributário /
_cJosiane Minardi.
250 _a5. ed., rev., atual. e ampl.
260 _aSalvador :
_bJusPODIVM,
_c2018.
300 _a1199 p. :
_bil. ;
_c24 cm
500 _aInclui: Questões de concursos comentadas. Quadros sinóticos. Destaques em 2ª cor para as partes mais importantes. Súmulas comentadas por assunto. Conforme LC 160/2017 - deliberações sobre a remissão dos créditos tributários decorrentes das isenções. Resolução 137/2017 do CGSN - Altera a resolução do Simples nacional. CPV/2015." - informações na capa.
504 _aInclui bibliografia.
650 _aDireito tributário
_vLegislação
_zBrasil
942 _2udc
_cLV
999 _c508
_d508